000 00948cam a22002893a 4500
001 23274
003 PGUSA
005 20140828083509.0
008 071031s2007||||xxu|||||s|||||000 1 eng d
040 _aPGUSA
_beng
042 _adc
050 4 _aPZ
100 1 _aBallantyne, R. M.
_q(Robert Michael),
_d1825-1894
245 1 0 _aLost in the Forest :
_bWandering Will's Adventures in South America
_h[electronic resource] /
_cR. M. Ballantyne
260 _bProject Gutenberg,
_c2007
506 _aPublic domain in the USA.
516 _aElectronic text
653 _aYoung men -- Juvenile fiction
653 _aHunting -- Juvenile fiction
653 _aSouth America -- Juvenile fiction
653 _aMutiny -- Juvenile fiction
653 _aAdventure and adventurers -- Juvenile fiction
653 _aRescues -- Juvenile fiction
830 0 _aProject Gutenberg
_v23274
856 4 0 _uhttp://www.gutenberg.org/ebooks/23274
942 _cEB
999 _c252529
_d252529